Информационные технологии: учебное пособие

Detalles Bibliográficos
Autor Principal: Исакова А. И. Анна Ивановна
Corporate Authors: Национальный исследовательский Томский политехнический университет (ТПУ) Юргинский технологический институт (ЮТИ), Томский государственный университет систем управления и радиоэлектроники (ТУСУР)
Outros autores: Исаков М. Н. Михаил Николаевич
Summary:В пособии даются понятия информационных технологий (ИТ), платформы информационного обеспечения, классификация ИТ. Представлены ИТ конечного пользователя: стандарты пользовательского интерфейса, технологии обработки данных, применение ИТ на рабочем месте пользователя. Приводятся описания технологий открытых систем на примере сетевых ИТ и авторских ИТ. Рассматривается интеграция ИТ: распределенные системы обработки данных; технологии «клиент-сервер»; информационные хранилища; системы электронного документооборота; геоинформационные системы; глобальные системы; корпоративные ИС, технологии обеспечения безопасности в ИТ и т. д. Предназначено для студентов высших учебных заведений, обучающихся по направлению подготовки 230700 «Прикладная информатика» и другим экономическим специальностям.
Idioma:ruso
Publicado: Томск, Изд-во ТПУ, 2013
Subjects:
Formato: MixedMaterials Libro
KOHA link:https://koha.lib.tpu.ru/cgi-bin/koha/opac-detail.pl?biblionumber=247383

MARC

LEADER 00000nam0a2200000 4500
001 247383
005 20231101232308.0
010 |a 9785438702597 
035 |a (RuTPU)RU\TPU\book\268868 
090 |a 247383 
100 |a 20131225d2013 m y0rusy50 ca 
101 0 |a rus 
102 |a RU 
105 |a a j 001zy 
200 1 |a Информационные технологии  |e учебное пособие  |f А. И. Исакова, М. Н. Исаков  |g Национальный исследовательский Томский политехнический университет (ТПУ), Юргинский технологический институт (ЮТИ) ; Томский государственный университет систем управления и радиоэлектроники (ТУСУР) 
210 |a Томск  |c Изд-во ТПУ  |d 2013 
215 |a 219 с.  |c ил. 
320 |a Библиогр.: с. 209-210. 
320 |a Глоссарий: с. 211-218. 
330 |a В пособии даются понятия информационных технологий (ИТ), платформы информационного обеспечения, классификация ИТ. Представлены ИТ конечного пользователя: стандарты пользовательского интерфейса, технологии обработки данных, применение ИТ на рабочем месте пользователя. Приводятся описания технологий открытых систем на примере сетевых ИТ и авторских ИТ. Рассматривается интеграция ИТ: распределенные системы обработки данных; технологии «клиент-сервер»; информационные хранилища; системы электронного документооборота; геоинформационные системы; глобальные системы; корпоративные ИС, технологии обеспечения безопасности в ИТ и т. д. Предназначено для студентов высших учебных заведений, обучающихся по направлению подготовки 230700 «Прикладная информатика» и другим экономическим специальностям. 
606 1 |a Информационные технологии  |x Вычислительная техника  |2 stltpush  |3 (RuTPU)RU\TPU\subj\36205  |9 57667 
610 1 |a понятия 
610 1 |a классификация 
610 1 |a пользовательский интерфейс 
610 1 |a стандарты 
610 1 |a данные 
610 1 |a обработка данных 
610 1 |a технология 
610 1 |a компьютерные технологии 
610 1 |a открытые системы 
610 1 |a интеграция 
610 1 |a применение 
610 1 |a учебные пособия 
610 1 |a труды учёных ТПУ 
675 |a 004(075.8)  |v 4 
700 1 |a Исакова  |b А. И.  |c специалист в области информатики и вычислительной техники  |c доцент Юргинского технологического института Томского политехнического университета, кандидат технических наук  |g Анна Ивановна  |2 stltpush  |3 (RuTPU)RU\TPU\pers\31689  |9 15820 
701 1 |a Исаков  |b М. Н.  |c специалист в области информатики и вычислительной техники  |c доцент Юргинского технологического института Томского политехнического университета  |f 1954-  |g Михаил Николаевич  |2 stltpush  |3 (RuTPU)RU\TPU\pers\24491  |9 10814 
712 0 2 |a Национальный исследовательский Томский политехнический университет (ТПУ)  |b Юргинский технологический институт (ЮТИ)  |c (2009- )  |h 349  |2 stltpush  |3 (RuTPU)RU\TPU\col\15903 
712 0 2 |a Томский государственный университет систем управления и радиоэлектроники (ТУСУР)  |c (1997 - )  |2 stltpush  |3 (RuTPU)RU\TPU\col\422 
801 1 |a RU  |b 63413507  |c 20131225 
801 2 |a RU  |b 63413507  |c 20150401  |g RCR 
942 |c BK